AEW Roster - Statistiques

Statistiques générales
  • Ce quiz a été pris 41 fois
  • Le résultat moyen est 67 sur 182
Statistiques - réponses
Sexe Notes Nom % Correct
M AEW TNT Champion Adam Copeland
91%
M Christian Cage
88%
M IWGP World Heavyweight Champion Jon Moxley
88%
M Kenny Omega
85%
M MJF
85%
M Adam Page
82%
W Mercedes Mone
82%
M AEW World Champion Shane "Swerwe" Strickland
82%
M Adam Cole
79%
M AEW World Tag Team Champion Matthew Jackson
79%
M AEW World Tag Team Champion Nicholas Jackson
79%
M Will Ospreay
79%
M FTW Champion Chris Jericho
76%
M Claudio Castagnoli
76%
M Darby Allin
76%
M AEW Continental Champion Kazuchika Okada
76%
M Rey Fenix
76%
M Samoa Joe
76%
W AEW Women's World Champion Toni Storm
76%
M Bryan Danielson
73%
M Big Bill
70%
M Billy Gunn
70%
M Brian Cage
70%
M Jack Hager
70%
M Jack Perry
70%
M Malakai Black
70%
M PAC
70%
M AEW International Champion Roderick Strong
70%
W ROH Women's World Champion Athena
64%
M Cash Wheeler
64%
M Hook
64%
M AEW World Trios Champion ROH World Six-Man Tag Team Champion Jay White
64%
M Killswitch
64%
M Orange Cassidy
64%
M Brody King
61%
M Christopher Daniels
61%
M Dralistico
61%
M Dustin Rhodes
61%
M AEW World Trios ChampionROH World Six-Man Tag Team Champion Austin Gunn
58%
M Buddy Matthews
58%
M Kyle O'Reilly
58%
M Matt Menard
58%
M Penta El Zero Miedo
58%
W Mariah May
55%
M Sammy Guevara
55%
M Wheeler Yuta
55%
W CJ Perry
52%
M AEW World Trios Champion ROH World Six-Man Tag Team Champion Colten Gunn
52%
M Daniel Garcia
52%
M Dax Harwood
52%
M Keith Lee
52%
M Konosuke Takeshita
52%
W Kris Statlander
52%
M ROH World Champion Mark Briscoe
52%
M Powerhouse Hobbs
52%
W Saraya
52%
Personnel Commentateur Taz
52%
M ROH World Television Champion Kyle Fletcher
48%
M Max Caster
48%
M Miro
48%
M Wardlow
48%
W Britt Baker
45%
M Juice Robinson
45%
W Julia Hart
45%
M Nick Wayne
45%
M RUSH
45%
W AEW TBS Champion Willow Nightingale
45%
M Bryan Keith
42%
M Isiah Kassidy
42%
W Jamie Hayter
42%
W Anna Jay
39%
M Anthony Bowens
39%
M NJPW Strong Openweight Champion Eddie Kingston
39%
Personnel Annonceur Justin Roberts
39%
M Lance Archer
39%
W Thunder Rosa
39%
M Bandido
36%
M Dante Martin
36%
Personnel Intervieweuse Renee Paquette
36%
W Riho
36%
M Darius Martin
33%
Personnel Manager Don Callis
33%
Personnel Commentateur Excalibur
33%
Personnel Manager Jake Roberts
33%
M Jeff Jarrett
33%
M Johnny TV
33%
M Katsuyori Shibata
33%
M Kota Ibushi
33%
M ROH World Tag Team Champion Matt Taven
33%
W Skye Blue
33%
Personnel Commentateur Tony Schiavone
33%
M Trent Beretta
33%
M Jay Lethal
30%
Personnel Commentateur Jim Ross
30%
M Paul Wight
30%
M Ricky Starks
30%
W Ruby Soho
30%
M Scorpio Sky
30%
M Action Andretti
27%
M Chuck Taylor
27%
W Hikaru Shida
27%
W Marina Shafir
27%
W Nyla Rose
27%
W Abadon
24%
W Deonna Purrazzo
24%
M Evil Uno
24%
W Harley Cameron
24%
M Jeff Hardy
24%
M Lee Moriarty
24%
M Mark Davis
24%
M ROH World Tag Team Champion Mike Bennett
24%
M Satnam Singh
24%
W Serena Deeb
24%
Personnel Manager Sonjay Dutt
24%
W Tay Melo
24%
M Angelico
21%
M Angelo Parker
21%
M Brandon Cutler
21%
M Dutch
21%
M John Silver
21%
W Penelope Ford
21%
W Red Velvet
21%
M Shane Taylor
21%
M Alex Reynolds
18%
M Beast Mortos
18%
M Kip Sabian
18%
M Lee Johnson
18%
M Mark Henry
18%
M Matt Sydal
18%
W Megan Bayne
18%
M Preston Vance
18%
W Queen Aminata
18%
M The Butcher
18%
M Vincent
18%
W Billie Starkz
15%
M Colt Cabana
15%
M Komander
15%
W Leila Grey
15%
Personnel Manager Luther
15%
M Marq Quen
15%
M Ortiz
15%
W Rebel
15%
M Serpentico
15%
M Shawn Dean
15%
Personnel Manager Stokely Hathaway
15%
W Taya Valkyrie
15%
M The Blade
15%
M Tony Nese
15%
W Yuka Sakazaki
15%
Personnel Commentateur Alex Abrahantes
12%
Personnel Coach Arn Anderson
12%
M Bishop Kaun
12%
M Griff Garrison
12%
M Josh Woods
12%
W Kamille
12%
M Toa Liona
12%
M Aaron Solo
9%
M Anthony Ogogo
9%
M AR Fox
9%
M Cole Karter
9%
M Dalton Castle
9%
W Emi Sakura
9%
W Kiera Hogan
9%
W Lady Frost
9%
W Leyla Hirsch
9%
W Madison Rayne
9%
W Mercedes Martinez
9%
M Michael Nakazawa
9%
M Peter Avalon
9%
M QT Marshall
9%
M Ryan Nemeth
9%
M Zak Knight
9%
M Ari Daivari
6%
M Boulder
6%
M Danhausen
6%
W Diamante
6%
Personnel Coach Jerry Lynn
6%
M Nick Comoroto
6%
Personnel Commentateur Alex Marvez
3%
Personnel Commentateur Hugo Savinovich
3%
Personnel Intervieweuse Jennifer Strerger
3%
Aucun quiz correspondant
Distribution des résultats
% des personnes avec chaque résultat
Percentile par nombre de réponses
Votre historique - résultats
Vous n’avez pas pris ce quiz